<?xml version="1.0" encoding="UTF-8"?><?xml-stylesheet type="text/xsl" href="static/style.xsl"?><OAI-PMH xmlns="http://www.openarchives.org/OAI/2.0/" xmlns:xsi="http://www.w3.org/2001/XMLSchema-instance" xsi:schemaLocation="http://www.openarchives.org/OAI/2.0/ http://www.openarchives.org/OAI/2.0/OAI-PMH.xsd"><responseDate>2026-04-30T05:17:26Z</responseDate><request verb="GetRecord" identifier="oai:uvadoc.uva.es:10324/48443" metadataPrefix="marc">https://uvadoc.uva.es/oai/request</request><GetRecord><record><header><identifier>oai:uvadoc.uva.es:10324/48443</identifier><datestamp>2021-09-19T18:32:35Z</datestamp><setSpec>com_10324_1191</setSpec><setSpec>com_10324_931</setSpec><setSpec>com_10324_894</setSpec><setSpec>col_10324_1379</setSpec></header><metadata><record xmlns="http://www.loc.gov/MARC21/slim" xmlns:doc="http://www.lyncode.com/xoai" xmlns:xsi="http://www.w3.org/2001/XMLSchema-instance" xmlns:dcterms="http://purl.org/dc/terms/" xsi:schemaLocation="http://www.loc.gov/MARC21/slim http://www.loc.gov/standards/marcxml/schema/MARC21slim.xsd">
<leader>00925njm 22002777a 4500</leader>
<datafield tag="042" ind1=" " ind2=" ">
<subfield code="a">dc</subfield>
</datafield>
<datafield tag="720" ind1=" " ind2=" ">
<subfield code="a">Sabzi, Sajad</subfield>
<subfield code="e">author</subfield>
</datafield>
<datafield tag="720" ind1=" " ind2=" ">
<subfield code="a">Pourdarbani, Razieh</subfield>
<subfield code="e">author</subfield>
</datafield>
<datafield tag="720" ind1=" " ind2=" ">
<subfield code="a">Rohban, Mohammad H.</subfield>
<subfield code="e">author</subfield>
</datafield>
<datafield tag="720" ind1=" " ind2=" ">
<subfield code="a">García Mateos, Ginés</subfield>
<subfield code="e">author</subfield>
</datafield>
<datafield tag="720" ind1=" " ind2=" ">
<subfield code="a">Arribas Sánchez, Juan Ignacio</subfield>
<subfield code="e">author</subfield>
</datafield>
<datafield tag="260" ind1=" " ind2=" ">
<subfield code="c">2021</subfield>
</datafield>
<datafield tag="520" ind1=" " ind2=" ">
<subfield code="a">In recent years, farmers have often mistakenly resorted to overuse of chemical fertilizers to increase crop yield. However, excessive consumption of fertilizers might lead to severe food poisoning. If nutritional deficiencies are detected early, it can help farmers to design better fertigation practices before the problem becomes unsolvable. The aim of this study is to predict the amount of nitrogen (N) content  in cucumber (Cucumis sativus L., var. Super Arshiya-F1) plant leaves using hyperspectral imaging (HSI) techniques and three different regression methods: a hybrid artificial neural networks-particle swarm optimization (ANN-PSO); partial least squares regression (PLSR); and unidimensional deep learning convolutional neural networks (CNN). Cucumber plant seeds were planted in 20 different pots. After growing the plants, pots were categorized and three levels of nitrogen overdose were applied to each category: 30%, 60% and 90% excesses, called N30%, N60%, N90%, respectively. HSI images of plant leaves were captured before and after the application of nitrogen excess. A prediction regression model was developed for each individual category. Results showed that mean regression coefficients (R) for ANN-PSO were inside 0.937–0.965, PLSR 0.975–0.997, and CNN 0.965–0.985 ranges, test set. We conclude that regression models have a remarkable ability to accurately predict the amount of nitrogen content in cucumber plants from hyperspectral leaf images in a non-destructive way, being PLSR slightly ahead of CNN and ANN-PSO methods.</subfield>
</datafield>
<datafield tag="024" ind2=" " ind1="8">
<subfield code="a">Chemometrics and Intelligent Laboratory Systems, 2021, vol. 217, 104404</subfield>
</datafield>
<datafield tag="024" ind2=" " ind1="8">
<subfield code="a">0169-7439</subfield>
</datafield>
<datafield tag="024" ind2=" " ind1="8">
<subfield code="a">https://uvadoc.uva.es/handle/10324/48443</subfield>
</datafield>
<datafield tag="024" ind2=" " ind1="8">
<subfield code="a">10.1016/j.chemolab.2021.104404</subfield>
</datafield>
<datafield tag="245" ind1="0" ind2="0">
<subfield code="a">Estimation of nitrogen content in cucumber plant (Cucumis sativus L.) leaves using hyperspectral imaging data with neural network and partial least squares regressions</subfield>
</datafield>
</record></metadata></record></GetRecord></OAI-PMH>